000 00529nam a2200205 a 4500
001 6359
003 CO-ViMGA
005 20250801162556.0
008 141112s2004 ck r 000 u spa d
040 _aCO-ViMGA
_bspa
_cCO-ViMGA
082 0 4 _a739.48 P712
100 1 _aPracht, Klaus
_95082
245 1 0 _aEnrejados, cercas y barandillas
260 _aBarcelona :
_bGustavo Gili,
_c1988
300 _a165 p : il
650 1 4 _aMETALISTERIA
_961895
650 1 4 _aREJAS (METALISTERIA)
_95083
942 _2ddc
_cBK
999 _c18329
_d18329